Противозатратный хозяйственный механизм

Bibliographische Detailangaben
1. Verfasser: Рубин Ю. Б. Юрий Борисович
Zusammenfassung:Исключено из фонда НТБ ТПУ
Sprache:Russisch
Veröffentlicht: Москва, Экономика, 1989
Format: MixedMaterials Buch
KOHA link:https://koha.lib.tpu.ru/cgi-bin/koha/opac-detail.pl?biblionumber=253006

MARC

LEADER 00000nam0a2200000 4500
001 253006
005 20231031214132.0
010 |a 5282004208 
020 |a RU  |b 89-30489 
035 |a (RuTPU)RU\TPU\book\275386 
090 |a 253006 
100 |a 20140311d1989 k a0rusy5003 ca 
101 0 |a rus 
102 |a RU 
105 |a y z 000zy 
200 1 |a Противозатратный хозяйственный механизм  |f Ю. Б. Рубин 
210 |a Москва  |c Экономика  |d 1989 
215 |a 173 с. 
333 |a Исключено из фонда НТБ ТПУ 
686 |a У9(2)0-961  |2 rubbk 
700 1 |a Рубин  |b Ю. Б.  |g Юрий Борисович 
801 0 |a RU  |b RuMRKP  |c 19950417  |g psbo 
801 1 |a RU  |b 63413507  |c 20140311 
801 2 |a RU  |b 63413507  |c 20230126  |g RCR 
942 |c BK